[Event "RUS-chT2"]
[Site "Sochi"]
[Date "2016.05.05"]
[Round "5.4"]
[White "Lugovskoy, Maxim"]
[Black "Arkhipov, Sergey"]
[Result "1/2-1/2"]
[WhiteElo "2491"]
[BlackElo "2480"]
[PlyCount "80"]
[EventDate "2016.05.01"]
[EventType "team-swiss"]
[EventRounds "9"]
[EventCountry "RUS"]
[SourceTitle "EXT 2020"]
[Source "ChessBase"]
[SourceDate "2019.10.17"]
[SourceVersion "1"]
[SourceVersionDate "2019.10.17"]
[SourceQuality "1"]
[WhiteTeam "Togliatti Bulbasaur"]
[BlackTeam "Moscow SergArk"]
[WhiteTeamCountry "RUS"]
[BlackTeamCountry "RUS"]

1. d4 d5 2. Nc3 Nf6 3. Bf4 c6 4. e3 Bf5 5. f3 h5 6. Bd3 Bxd3 7. Qxd3 e6 8. Nge2 Bd6 9. e4 Bxf4 10. Nxf4 Nbd7 11. 0-0-0 Qc7 12. e5 0-0-0 13. h4 g6 14. Kb1 Ne8 15. Nce2 Ng7 16. g4 c5 17. c3 Nb8 18. Ng3 Nc6 19. Rdg1 Kb8 20. Rd1 Rc8 21. gxh5 gxh5 22. Rhg1 Qd8 23. Rh1 Ne7 24. dxc5 Qc7 25. Rde1 Qxc5 26. Nfe2 Ngf5 27. Nxf5 Nxf5 28. Nd4 Nxd4 29. cxd4 Qc4 30. Qd2 Qc7 31. Rhg1 Rhg8 32. Rxg8 Rxg8 33. Rc1 Qe7 34. Qc2 Rf8 35. a3 a6 36. Qh2 Rg8 37. Qc2 Rf8 38. Qh2 Rg8 39. Qc2 Rf8 40. Qh2 Rg8 1/2-1/2

[Event "RUS-chT2"]
[Site "Sochi"]
[Date "2016.05.01"]
[Round "1.4"]
[White "Arkhipov, Sergey"]
[Black "Meshkov, Yuri A"]
[Result "1-0"]
[WhiteElo "2480"]
[BlackElo "2354"]
[PlyCount "105"]
[EventDate "2016.05.01"]
[EventType "team-swiss"]
[EventRounds "9"]
[EventCountry "RUS"]
[SourceTitle "EXT 2020"]
[Source "ChessBase"]
[SourceDate "2019.10.17"]
[SourceVersion "1"]
[SourceVersionDate "2019.10.17"]
[SourceQuality "1"]
[WhiteTeam "Moscow SergArk"]
[BlackTeam "Smolensk VOS"]
[WhiteTeamCountry "RUS"]
[BlackTeamCountry "RUS"]

1. d4 Nf6 2. c4 d6 3. Nf3 Bf5 4. Qb3 Qc8 5. g3 a5 6. Bg2 a4 7. Qd1 Nc6 8. 0-0 Bh3 9. Nc3 Bxg2 10. Kxg2 Qd7 11. Nxa4 Nxd4 12. Nb6 cxb6 13. Qxd4 b5 14. Rd1 bxc4 15. Qxc4 Qc6 16. Qb3 g6 17. Bf4 Bg7 18. Rac1 Qa6 19. Rc7 0-0 20. Rxe7 Qxa2 21. Rxb7 Qxb3 22. Rxb3 Ne4 23. Nd4 Rfe8 24. h4 Nc5 25. Re3 Rxe3 26. fxe3 Ne4 27. Kf3 d5 28. b4 Ra2 29. Rc1 Bxd4 30. exd4 Ra3+ 31. Kg2 h6 32. b5 Rb3 33. Rc8+ Kg7 34. Rb8 g5 35. Bc7 Rb2 36. Kf3 Rb3+ 37. Kg4 Re3 38. b6 Rxe2 39. b7 Rb2 40. Kf5 gxh4 41. gxh4 h5 42. Ke5 Rb5 43. Bd8 Kg6 44. Be7 f6+ 45. Ke6 Rb6+ 46. Kxd5 Nc3+ 47. Kc4 Nd1 48. Rg8+ Kf7 49. b8Q Rxb8 50. Rxb8 Kxe7 51. Rh8 Kd6 52. Rxh5 Ne3+ 53. Kd3 1-0

[Event "Abu Dhabi op 12th"]
[Site "Abu Dhabi"]
[Date "2002.08.17"]
[Round "6"]
[White "Safin, Shukhrat"]
[Black "Arkhipov, Sergey"]
[Result "1-0"]
[WhiteElo "2525"]
[BlackElo "2499"]
[PlyCount "29"]
[EventDate "2002.08.12"]
[EventType "swiss"]
[EventRounds "9"]
[EventCountry "UAE"]
[SourceTitle "CBM 089 Extra"]
[Source "ChessBase"]
[SourceDate "2002.09.10"]
[SourceVersion "2"]
[SourceVersionDate "2002.09.10"]
[SourceQuality "1"]

1. d4 Nf6 2. c4 e6 3. Nf3 b6 4. Nc3 Bb4 5. e3 Ne4 6. Qc2 Bb7 7. Bd3 f5 8. 0-0 Bxc3 9. bxc3 0-0 10. Ne1 c5 11. f3 Nd6 12. Qe2 Nc6 13. Ba3 Qc7 14. Nc2 Na5 15. e4 1-0

[Event "Abu Dhabi op 12th"]
[Site "Abu Dhabi"]
[Date "2002.08.15"]
[Round "5"]
[White "Arkhipov, Sergey"]
[Black "Turov, Maxim"]
[Result "1-0"]
[WhiteElo "2499"]
[BlackElo "2518"]
[PlyCount "68"]
[EventDate "2002.08.12"]
[EventType "swiss"]
[EventRounds "9"]
[EventCountry "UAE"]
[SourceTitle "CBM 089 Extra"]
[Source "ChessBase"]
[SourceDate "2002.09.10"]
[SourceVersion "2"]
[SourceVersionDate "2002.09.10"]
[SourceQuality "1"]

1. c4 e5 2. g3 Nf6 3. Bg2 c6 4. a3 d5 5. cxd5 cxd5 6. d4 e4 7. Bg5 Be7 8. Nc3 Nc6 9. Nh3 Ng4 10. Bxe7 Nxe7 11. Qd2 0-0 12. 0-0 Nf6 13. f3 Nf5 14. fxe4 Nxe4 15. Nxe4 dxe4 16. e3 Nd6 17. Nf4 g5 18. Nh5 f6 19. h3 Bf5 20. g4 Bg6 21. Ng3 Qe7 22. Rac1 Rac8 23. Rxc8 Rxc8 24. Rc1 Rc7 25. Rc3 f5 26. gxf5 Bxf5 27. Rc5 Bg6 28. Qa5 Rxc5 29. dxc5 Qe5 30. Ne2 Nc4 31. Qd8+ Kg7 32. Qd7+ Kh6 33. Kf1 Qxc5 34. b4 Qd6 1-0

[Event "Abu Dhabi op 12th"]
[Site "Abu Dhabi"]
[Date "2002.08.14"]
[Round "3"]
[White "Ulybin, Mikhail"]
[Black "Arkhipov, Sergey"]
[Result "1/2-1/2"]
[WhiteElo "2589"]
[BlackElo "2499"]
[PlyCount "28"]
[EventDate "2002.08.12"]
[EventType "swiss"]
[EventRounds "9"]
[EventCountry "UAE"]
[SourceTitle "CBM 089 Extra"]
[Source "ChessBase"]
[SourceDate "2002.09.10"]
[SourceVersion "2"]
[SourceVersionDate "2002.09.10"]
[SourceQuality "1"]

1. e4 e5 2. Nf3 Nf6 3. Nxe5 d6 4. Nf3 Nxe4 5. d4 d5 6. Bd3 Bf5 7. 0-0 Be7 8. Re1 Nc6 9. Bb5 0-0 10. Bxc6 bxc6 11. Ne5 Bb4 12. c3 Bd6 13. f3 Ng5 14. Bf4 Qf6 1/2-1/2

[Event "Abu Dhabi op 11th"]
[Site "Abu Dhabi"]
[Date "2001.09.03"]
[Round "9"]
[White "Arkhipov, Sergey"]
[Black "Velikhanli, Firuza"]
[Result "1-0"]
[WhiteElo "2500"]
[BlackElo "2327"]
[PlyCount "171"]
[EventDate "2001.08.25"]
[EventType "swiss"]
[EventRounds "9"]
[EventCountry "UAE"]
[SourceTitle "EXT 2002"]
[Source "ChessBase"]
[SourceDate "2001.11.25"]
[SourceVersion "1"]
[SourceVersionDate "2001.11.25"]
[SourceQuality "1"]

1. e4 c5 2. Nf3 Nc6 3. Bb5 g6 4. Bxc6 dxc6 5. d3 Bg7 6. Nc3 e5 7. 0-0 Bg4 8. Be3 b6 9. a3 Ne7 10. h3 Bxf3 11. Qxf3 0-0 12. b4 cxb4 13. axb4 Qd7 14. Ra3 Rab8 15. Qg3 Rb7 16. Ne2 f5 17. Bg5 f4 18. Qg4 Qxg4 19. hxg4 Nc8 20. f3 Rd7 21. Bh4 h6 22. Rc3 g5 23. Bf2 Rd6 24. Nc1 Rfd8 25. Nb3 Ne7 26. Nd2 Kf7 27. Ra1 R6d7 28. Kf1 Rc7 29. Ke2 Rb7 30. Rca3 Nc8 31. Nc4 Ke6 32. Be1 Rdd7 33. Bc3 Nd6 34. Nd2 Nb5 35. Rb3 Bf8 36. Bb2 Rd8 37. Nc4 Bg7 38. Rh1 Nd4+ 39. Bxd4 Rxd4 40. Ra1 Bf8 41. c3 Rd8 42. Rb2 Rbd7 43. Rd2 Be7 44. Na3 Bf6 45. Nc2 Bg7 46. Ra6 Bf6 47. Na1 Bh8 48. Nb3 Bf6 49. Nc1 Rh7 50. Rda2 Rdd7 51. Nb3 Rc7 52. Ra1 Rhd7 53. Rh1 Bg7 54. Rh3 Rd8 55. g3 Rcd7 56. gxf4 gxf4 57. Nc1 Kf6 58. Rh5 Kg6 59. Ra2 Bf6 60. Rd2 c5 61. bxc5 bxc5 62. Nb3 c4 63. Nc5 cxd3+ 64. Rxd3 Rxd3 65. Nxd3 Re8 66. Rh1 Re7 67. Kd2 Rh7 68. Rh5 Re7 69. Kc2 Bg5 70. Rh1 Kf6 71. Ra1 Kf7 72. Ra6 Bf6 73. Nb4 Rb7 74. Nc6 Rb6 75. Rxa7+ Kg6 76. Nb4 h5 77. gxh5+ Kxh5 78. Ra6 Rxa6 79. Nxa6 Kg6 80. Kd3 Kf7 81. Kc4 Ke6 82. Kc5 Bh4 83. Kc6 Bf2 84. Nc5+ Kf6 85. Nd3 Be3 86. Kd5 1-0

[Event "Abu Dhabi op 11th"]
[Site "Abu Dhabi"]
[Date "2001.08.28"]
[Round "4"]
[White "Kotsur, Pavel"]
[Black "Arkhipov, Sergey"]
[Result "1/2-1/2"]
[WhiteElo "2600"]
[BlackElo "2500"]
[PlyCount "57"]
[EventDate "2001.08.25"]
[EventType "swiss"]
[EventRounds "9"]
[EventCountry "UAE"]
[SourceTitle "EXT 2002"]
[Source "ChessBase"]
[SourceDate "2001.11.25"]
[SourceVersion "1"]
[SourceVersionDate "2001.11.25"]
[SourceQuality "1"]

1. Nf3 d5 2. g3 c6 3. Bg2 Bg4 4. 0-0 Nd7 5. d3 Ngf6 6. c4 Bxf3 7. Bxf3 dxc4 8. dxc4 Ne5 9. Nd2 Nxf3+ 10. Nxf3 Qxd1 11. Rxd1 e6 12. Be3 Be7 13. Ne5 0-0 14. Rd3 Rfd8 15. Rad1 Rxd3 16. Rxd3 c5 17. f3 Rc8 18. g4 h6 19. Bf4 Kf8 20. Ra3 Ra8 21. Rb3 b6 22. a4 Ke8 23. a5 Bd6 24. Bg3 Bc7 25. Ra3 Nd7 26. Nc6 Bxg3 27. hxg3 Nb8 28. Ne5 Na6 29. axb6 1/2-1/2

[Event "Dubai op 03rd"]
[Site "Dubai"]
[Date "2001.04.18"]
[Round "4"]
[White "Arkhipov, Sergey"]
[Black "Sharma, Dinesh Kumar"]
[Result "1/2-1/2"]
[WhiteElo "2531"]
[BlackElo "2385"]
[PlyCount "40"]
[EventDate "2001.04.15"]
[EventType "swiss"]
[EventRounds "9"]
[EventCountry "UAE"]
[SourceTitle "CBM 083"]
[Source "ChessBase"]
[SourceDate "2001.07.05"]
[SourceVersion "1"]
[SourceVersionDate "2001.07.05"]
[SourceQuality "1"]

1. e4 e5 2. Nf3 Nc6 3. d4 exd4 4. Nxd4 Bc5 5. Be3 Qf6 6. c3 Nge7 7. Qd2 Bxd4 8. cxd4 d5 9. Nc3 dxe4 10. Nxe4 Qg6 11. Ng3 Nd5 12. Bd3 Qd6 13. 0-0 0-0 14. Ne4 Qd8 15. Nc3 Nce7 16. Qc2 h6 17. a3 Be6 18. Rac1 Rc8 19. Rfe1 Nxe3 20. Rxe3 Qxd4 1/2-1/2

[Event "Dubai op 03rd"]
[Site "Dubai"]
[Date "2001.04.15"]
[Round "1"]
[White "Khalid, Al Shaali"]
[Black "Arkhipov, Sergey"]
[Result "0-1"]
[WhiteElo "2185"]
[BlackElo "2531"]
[PlyCount "72"]
[EventDate "2001.04.15"]
[EventType "swiss"]
[EventRounds "9"]
[EventCountry "UAE"]
[SourceTitle "CBM 083"]
[Source "ChessBase"]
[SourceDate "2001.07.05"]
[SourceVersion "1"]
[SourceVersionDate "2001.07.05"]
[SourceQuality "1"]

1. d4 Nf6 2. Nf3 g6 3. c4 Bg7 4. Nc3 d5 5. Bg5 dxc4 6. Bxf6 Bxf6 7. e3 Be6 8. Be2 c6 9. a4 Na6 10. Ne4 Bg7 11. Neg5 Bf5 12. Bxc4 e6 13. Bxa6 bxa6 14. Qc1 0-0 15. e4 Bg4 16. Ne5 Bxe5 17. dxe5 h6 18. h3 Bh5 19. g4 Bxg4 20. hxg4 Qxg5 21. Qxg5 hxg5 22. 0-0-0 Rfb8 23. Rd3 Kg7 24. b3 Rb4 25. f3 c5 26. Rc3 Rc8 27. Kb2 c4 28. Rhc1 Rcb8 29. Rxc4 Rxb3+ 30. Ka2 Rxf3 31. Rc6 Rb4 32. Rxa6 Rxe4 33. Rc2 Rff4 34. Ka3 Rxg4 35. Rxa7 Rg3+ 36. Ka2 g4 0-1

[Event "Abu Dhabi op 10th"]
[Site "Abu Dhabi"]
[Date "2000.08.29"]
[Round "4"]
[White "Dzhumaev, Marat"]
[Black "Arkhipov, Sergey"]
[Result "0-1"]
[WhiteElo "2495"]
[BlackElo "2532"]
[PlyCount "77"]
[EventDate "2000.08.26"]
[EventType "swiss"]
[EventRounds "9"]
[EventCountry "UAE"]
[SourceTitle "CBM 077 Extra"]
[Source "ChessBase"]
[SourceDate "2000.09.14"]
[SourceVersion "1"]
[SourceVersionDate "2000.09.14"]
[SourceQuality "1"]

1. e4 c5 2. Nf3 e6 3. d3 d5 4. Nbd2 Nc6 5. g3 Bd6 6. Bg2 Nge7 7. 0-0 0-0 8. Re1 Bc7 9. c3 b6 10. Qc2 a5 11. h4 Ba6 12. h5 h6 13. e5 Qb8 14. d4 cxd4 15. cxd4 Rc8 16. Qd1 Nb4 17. Re3 Bd3 18. a3 Bc2 19. Qe2 Nbc6 20. Rc3 Bf5 21. Qb5 Qb7 22. Nb3 Na7 23. Qf1 a4 24. Nbd2 Bg4 25. Nh2 Bxh5 26. g4 Bg6 27. f4 Nac6 28. f5 exf5 29. Ndf3 b5 30. Be3 Bb6 31. Qxb5 fxg4 32. Nxg4 Nf5 33. Rac1 Ra5 34. Qf1 h5 35. e6 hxg4 36. Ne5 Nxe3 37. exf7+ Bxf7 38. Qd3 g6 39. Qxe3 0-1

[Event "Dubai op 02nd"]
[Site "Dubai"]
[Date "2000.04.30"]
[Round "3"]
[White "Arkhipov, Sergey"]
[Black "Kharlov, Andrei"]
[Result "1/2-1/2"]
[WhiteElo "2527"]
[BlackElo "2616"]
[PlyCount "58"]
[EventDate "2000.04.28"]
[EventType "swiss"]
[EventRounds "9"]
[EventCountry "UAE"]
[SourceTitle "EXT 2001"]
[Source "ChessBase"]
[SourceDate "2000.11.22"]
[SourceVersion "1"]
[SourceVersionDate "2000.11.22"]
[SourceQuality "1"]

1. e4 c5 2. Nf3 Nc6 3. Bb5 d6 4. 0-0 Bd7 5. Re1 a6 6. Bf1 Bg4 7. h3 Bh5 8. d3 e6 9. Nbd2 Be7 10. c3 Nf6 11. Qc2 d5 12. b3 dxe4 13. dxe4 0-0 14. Bb2 Qc7 15. Rad1 Rfd8 16. Be2 Rd7 17. Nf1 Bg6 18. Rxd7 Qxd7 19. N1d2 Rd8 20. Rd1 Qc7 21. Nh4 Ng4 22. hxg4 Bxh4 23. Nf3 Rxd1+ 24. Bxd1 Be7 25. Bc1 Ne5 26. Nxe5 Qxe5 27. Bf3 h6 28. a3 Bg5 29. Bxg5 hxg5 1/2-1/2

[Event "Dubai op 02nd"]
[Site "Dubai"]
[Date "2000.04.28"]
[Round "1"]
[White "Arkhipov, Sergey"]
[Black "Alya, Hussain"]
[Result "1-0"]
[WhiteElo "2527"]
[BlackElo "2134"]
[PlyCount "47"]
[EventDate "2000.04.28"]
[EventType "swiss"]
[EventRounds "9"]
[EventCountry "UAE"]
[SourceTitle "EXT 2001"]
[Source "ChessBase"]
[SourceDate "2000.11.22"]
[SourceVersion "1"]
[SourceVersionDate "2000.11.22"]
[SourceQuality "1"]

1. e4 e5 2. Nf3 Nc6 3. d4 exd4 4. Nxd4 Bc5 5. Be3 Bb6 6. Nf5 Qf6 7. Nc3 Nge7 8. Bxb6 axb6 9. Ne3 0-0 10. Be2 d6 11. 0-0 Be6 12. a3 Nd4 13. Bg4 Bxg4 14. Qxg4 Ne6 15. Rad1 Rfd8 16. f4 Nc5 17. Qf3 Qg6 18. f5 Qg5 19. Ned5 Nxd5 20. Nxd5 Nd7 21. Qf2 Nf6 22. Nxc7 Rac8 23. Nd5 Nxe4 24. Qf4 1-0

[Event "Biel MTO op"]
[Site "Biel"]
[Date "1999.07.28"]
[Round "9"]
[White "Cherniaev, Alexander"]
[Black "Arkhipov, Sergey"]
[Result "1/2-1/2"]
[WhiteElo "2432"]
[BlackElo "2535"]
[PlyCount "34"]
[EventDate "1999.07.??"]
[EventType "swiss"]
[EventRounds "11"]
[EventCountry "SUI"]
[SourceTitle "EXT 2000"]
[Source "ChessBase"]
[SourceDate "1999.11.16"]
[SourceVersion "1"]
[SourceVersionDate "1999.11.16"]
[SourceQuality "1"]

1. e4 d6 2. d4 Nf6 3. Nc3 Nbd7 4. f4 e5 5. dxe5 dxe5 6. fxe5 Nxe5 7. Qxd8+ Kxd8 8. Nf3 Bd6 9. Bg5 h6 10. Bh4 Be6 11. 0-0-0 Nxf3 12. gxf3 Ke7 13. Nd5+ Bxd5 14. exd5 Rhd8 15. Bc4 Kf8 16. Bxf6 gxf6 17. Rd4 Bc5 1/2-1/2

[Event "Biel MTO op"]
[Site "Biel"]
[Date "1999.07.26"]
[Round "7"]
[White "Arkhipov, Sergey"]
[Black "Klovans, Janis"]
[Result "1/2-1/2"]
[WhiteElo "2535"]
[BlackElo "2465"]
[PlyCount "113"]
[EventDate "1999.07.??"]
[EventType "swiss"]
[EventRounds "11"]
[EventCountry "SUI"]
[SourceTitle "EXT 2000"]
[Source "ChessBase"]
[SourceDate "1999.11.16"]
[SourceVersion "1"]
[SourceVersionDate "1999.11.16"]
[SourceQuality "1"]

1. e4 e5 2. Nf3 Nc6 3. d4 exd4 4. Nxd4 Bc5 5. Nxc6 Qf6 6. Qd2 dxc6 7. Nc3 Ne7 8. Qf4 Qe6 9. Qg5 Bd4 10. Bd3 Bd7 11. 0-0 0-0-0 12. Ne2 Bf6 13. Qa5 Kb8 14. Bf4 Rc8 15. e5 b6 16. Nd4 Qd5 17. Qxd5 Nxd5 18. Bg3 Bg5 19. Be4 h5 20. c4 Ne7 21. f4 Bh6 22. b4 Rhe8 23. Bh4 Ng6 24. Bxg6 fxg6 25. Rae1 Be6 26. Nxe6 Rxe6 27. Rd1 Rf8 28. Rd8+ Rxd8 29. Bxd8 Kc8 30. Bh4 Re8 31. g3 Kd7 32. Rd1+ Ke6 33. Kf2 Rf8 34. Kg2 Rf5 35. Bd8 g5 36. fxg5 Bxg5 37. Bxc7 Be3 38. Rd6+ Kxe5 39. Rxc6+ Kd4 40. g4 hxg4 41. Kg3 Rf2 42. c5 bxc5 43. Rxc5 Rxa2 44. Ra5 Rxa5 45. bxa5 Ke4 46. Kxg4 a6 47. h3 g6 48. Bb6 Bd2 49. Bd8 Bf4 50. Bg5 Bc7 51. Bd2 Bd8 52. Be1 Ke3 53. Bg3 Bxa5 54. Kg5 Kf3 55. Bd6 Kg2 56. Kxg6 Kxh3 57. Kf5 1/2-1/2

[Event "Biel MTO op"]
[Site "Biel"]
[Date "1999.07.24"]
[Round "5"]
[White "Arkhipov, Sergey"]
[Black "Balduan, Markus"]
[Result "1/2-1/2"]
[WhiteElo "2535"]
[BlackElo "2355"]
[PlyCount "122"]
[EventDate "1999.07.??"]
[EventType "swiss"]
[EventRounds "11"]
[EventCountry "SUI"]
[SourceTitle "EXT 2000"]
[Source "ChessBase"]
[SourceDate "1999.11.16"]
[SourceVersion "1"]
[SourceVersionDate "1999.11.16"]
[SourceQuality "1"]

1. e4 c5 2. Nf3 g6 3. d4 cxd4 4. Qxd4 Nf6 5. Nc3 Nc6 6. Qa4 d6 7. e5 dxe5 8. Nxe5 Bg7 9. Bb5 0-0 10. Nxc6 bxc6 11. Bxc6 Bd7 12. 0-0 Bxc6 13. Qxc6 Qb8 14. Qf3 Rc8 15. Rb1 Rc4 16. h3 Nd7 17. Nd5 e6 18. Ne3 Ne5 19. Qe2 Ra4 20. Ra1 Qb7 21. Rd1 Rc8 22. c3 Rh4 23. Ng4 Nxg4 24. hxg4 h5 25. gxh5 Rxh5 26. Rd3 Be5 27. Rh3 Rxh3 28. gxh3 Bb8 29. Be3 Qc7 30. f4 Qa5 31. Rf1 Qxa2 32. Bd4 Qd5 33. Qg4 Rc4 34. Rd1 Qh5 35. Qxh5 gxh5 36. Rf1 a5 37. Kg2 Bd6 38. Kf3 a4 39. Rg1+ Kf8 40. Rg5 h4 41. Ra5 f6 42. Ra6 Bxf4 43. Rxe6 Be5 44. Bxe5 fxe5 45. Rxe5 a3 46. bxa3 Rxc3+ 47. Re3 Rc4 48. Ke2 Rd4 49. Rb3 Ra4 50. Kd2 Ke7 51. Kc2 Kd6 52. Rc3 Ra8 53. Kb3 Rb8+ 54. Ka2 Kd5 55. a4 Rg8 56. Kb3 Rg3 57. Kb4 Rxc3 58. Kxc3 Kc5 59. Kd3 Kb4 60. Ke4 Kxa4 61. Kf5 Kb5 1/2-1/2

[Event "Dubai op 01st"]
[Site "Dubai"]
[Date "1999.05.06"]
[Round "6"]
[White "Arkhipov, Sergey"]
[Black "Sakaev, Konstantin"]
[Result "1/2-1/2"]
[WhiteElo "2518"]
[BlackElo "2649"]
[PlyCount "52"]
[EventDate "1999.05.??"]
[EventType "swiss"]
[EventRounds "9"]
[EventCountry "UAE"]
[SourceTitle "CBM 070 Extra"]
[Source "ChessBase"]
[SourceDate "1999.07.10"]
[SourceVersion "1"]
[SourceVersionDate "1999.07.10"]
[SourceQuality "1"]

1. e4 c5 2. Nf3 d6 3. c3 Nf6 4. Be2 Nbd7 5. d3 b6 6. 0-0 Bb7 7. Nbd2 g6 8. d4 cxd4 9. cxd4 Nxe4 10. Nxe4 Bxe4 11. Ng5 d5 12. Nxe4 dxe4 13. f3 e3 14. Bxe3 Bg7 15. Qd2 0-0 16. Rfd1 e6 17. d5 exd5 18. Rac1 Qe7 19. Bb5 Rac8 20. Bf2 Nc5 21. Re1 Qb7 22. Rc2 a6 23. Bf1 a5 24. b4 axb4 25. Qxb4 Qa7 26. Rb1 Na6 1/2-1/2

[Event "Dubai op 01st"]
[Site "Dubai"]
[Date "1999.05.05"]
[Round "5"]
[White "Magerramov, Elmar S"]
[Black "Arkhipov, Sergey"]
[Result "1/2-1/2"]
[WhiteElo "2563"]
[BlackElo "2518"]
[PlyCount "55"]
[EventDate "1999.05.??"]
[EventType "swiss"]
[EventRounds "9"]
[EventCountry "UAE"]
[SourceTitle "CBM 070 Extra"]
[Source "ChessBase"]
[SourceDate "1999.07.10"]
[SourceVersion "1"]
[SourceVersionDate "1999.07.10"]
[SourceQuality "1"]

1. d4 Nf6 2. c4 e6 3. Nf3 d5 4. Nc3 dxc4 5. e4 Bb4 6. Bg5 c5 7. Bxc4 cxd4 8. Nxd4 Bxc3+ 9. bxc3 Qa5 10. Bb5+ Nbd7 11. Bxf6 Qxc3+ 12. Kf1 gxf6 13. h4 Qa5 14. Rc1 Ke7 15. Rh3 Rd8 16. Rhc3 Ne5 17. Kg1 Qb4 18. Rc7+ Kf8 19. Qh5 Qxd4 20. Qh6+ Kg8 21. Qxf6 a6 22. Be2 Bd7 23. R7c5 Rac8 24. R1c4 Qa1+ 25. Rc1 Qd4 26. R1c4 Qa1+ 27. Rc1 Qd4 28. R1c4 1/2-1/2

[Event "Dubai op 01st"]
[Site "Dubai"]
[Date "1999.05.02"]
[Round "2"]
[White "Arkhipov, Sergey"]
[Black "Bouaziz, Slim"]
[Result "1-0"]
[WhiteElo "2518"]
[BlackElo "2387"]
[PlyCount "101"]
[EventDate "1999.05.??"]
[EventType "swiss"]
[EventRounds "9"]
[EventCountry "UAE"]
[SourceTitle "CBM 070 Extra"]
[Source "ChessBase"]
[SourceDate "1999.07.10"]
[SourceVersion "1"]
[SourceVersionDate "1999.07.10"]
[SourceQuality "1"]

1. e4 c5 2. Nf3 d6 3. c3 Nf6 4. Be2 Nc6 5. d4 cxd4 6. cxd4 d5 7. e5 Ne4 8. 0-0 e6 9. Nc3 Be7 10. Ne1 h6 11. f3 Ng5 12. Be3 0-0 13. Nd3 f6 14. Qd2 Nf7 15. f4 Bd7 16. Rae1 b6 17. Bg4 f5 18. Bf3 Kh7 19. Kh1 Rg8 20. g4 fxg4 21. Bxg4 Bh4 22. Rc1 g6 23. Qg2 Ne7 24. Bf2 Bxf2 25. Qxf2 Rc8 26. Rg1 h5 27. Bh3 Nh6 28. Ne1 Nef5 29. Nf3 Qe7 30. Rg5 b5 31. Rcg1 b4 32. Nd1 Rc1 33. Ne3 Rxg1+ 34. Rxg1 Nxe3 35. Qxe3 Nf7 36. Bf1 Nh6 37. Bd3 a5 38. Rg5 Nf5 39. Bxf5 exf5 40. Rg1 Rc8 41. Rc1 Qe8 42. Kg2 Kh6 43. Kg3 Be6 44. b3 Rc6 45. Rc5 a4 46. Qc1 Ra6 47. Rc7 axb3 48. axb3 Ra3 49. Qc2 Qd8 50. Ng5 Bg8 51. Rh7+ 1-0

[Event "RUS-chT (club)"]
[Site "Novokuznetsk"]
[Date "1999.??.??"]
[Round "?"]
[White "Arkhipov, Sergey"]
[Black "Lependin, Anatolij"]
[Result "1-0"]
[WhiteElo "2518"]
[BlackElo "2407"]
[PlyCount "69"]
[EventDate "1999.??.??"]
[EventType "team-tourn"]
[EventRounds "11"]
[EventCountry "RUS"]
[SourceTitle "EXT 2001"]
[Source "ChessBase"]
[SourceDate "2000.11.22"]
[SourceVersion "1"]
[SourceVersionDate "2000.11.22"]
[SourceQuality "1"]

1. d4 Nf6 2. c4 c5 3. d5 b5 4. Nd2 Qa5 5. Qc2 g6 6. e4 Bg7 7. Ngf3 0-0 8. Be2 bxc4 9. 0-0 d6 10. Nxc4 Qc7 11. Bd2 Nbd7 12. Ba5 Nb6 13. Rad1 Qb8 14. h3 Nh5 15. Bc3 Nf4 16. Bxg7 Kxg7 17. Na5 Qc7 18. b4 Nxe2+ 19. Qxe2 cxb4 20. Rc1 Qd7 21. Qb2+ Kg8 22. Qxb4 Qa4 23. Qxa4 Nxa4 24. Rc7 Ba6 25. Rfc1 Rfc8 26. R1c6 Rxc7 27. Rxc7 Kf8 28. Nc6 Bd3 29. Rxe7 Nc3 30. Ng5 h6 31. Rxf7+ Ke8 32. Re7+ Kf8 33. Nh7+ Kg8 34. Nf6+ Kf8 35. Rh7 1-0

[Event "Prokojevsk"]
[Site "Prokojevsk"]
[Date "1998.??.??"]
[Round "7"]
[White "Arkhipov, Sergey"]
[Black "Sitnikov, Dmitrij"]
[Result "1-0"]
[WhiteElo "2520"]
[BlackElo "2225"]
[PlyCount "81"]
[EventDate "1998.??.??"]
[EventType "tourn"]
[EventRounds "13"]
[EventCountry "UZB"]
[SourceTitle "EXT 2001"]
[Source "ChessBase"]
[SourceDate "2000.11.22"]
[SourceVersion "1"]
[SourceVersionDate "2000.11.22"]
[SourceQuality "1"]

1. d4 d5 2. c4 c6 3. Nf3 Nf6 4. Nc3 e6 5. e3 Nbd7 6. Qc2 Bd6 7. Bd3 0-0 8. 0-0 dxc4 9. Bxc4 b5 10. Bd3 Bb7 11. Ng5 Bxh2+ 12. Kxh2 Ng4+ 13. Kg1 Qxg5 14. f3 Ngf6 15. e4 Qh4 16. Be3 e5 17. Bf2 Qg5 18. Rae1 Nh5 19. Ne2 a6 20. b4 Rfe8 21. Qc1 Qe7 22. g4 Nhf6 23. Ng3 h6 24. Nf5 Qe6 25. Bc2 Nh7 26. Bb3 Qg6 27. Bg3 Rad8 28. Rd1 h5 29. dxe5 Ng5 30. Rd6 Ne6 31. Nh4 Qh7 32. g5 Ndf8 33. Rfd1 Rxd6 34. exd6 Rc8 35. Nf5 Kh8 36. Ne7 Rd8 37. Kg2 Ng6 38. Bxe6 fxe6 39. Nxc6 Rc8 40. d7 Bxc6 41. dxc8Q+ 1-0

[Event "Prokojevsk"]
[Site "Prokojevsk"]
[Date "1998.??.??"]
[Round "8"]
[White "Arkhipov, Sergey"]
[Black "Siuniakov, Igor"]
[Result "1-0"]
[WhiteElo "2520"]
[BlackElo "2415"]
[PlyCount "85"]
[EventDate "1998.??.??"]
[EventType "tourn"]
[EventRounds "13"]
[EventCountry "UZB"]
[SourceTitle "EXT 2001"]
[Source "ChessBase"]
[SourceDate "2000.11.22"]
[SourceVersion "1"]
[SourceVersionDate "2000.11.22"]
[SourceQuality "1"]

1. d4 Nf6 2. c4 g6 3. Nc3 Bg7 4. e4 0-0 5. Nf3 d6 6. Be2 e5 7. 0-0 exd4 8. Nxd4 Re8 9. f3 c6 10. Kh1 Na6 11. Bg5 h6 12. Bh4 Nc5 13. Nb3 Ne6 14. Qc2 Nf4 15. Rfd1 Nxe2 16. Qxe2 Qe7 17. Bg3 Rd8 18. Qd2 Nh5 19. Bxd6 Qh4 20. g3 Qf6 21. Kg2 b6 22. e5 Qe6 23. Nd4 Qh3+ 24. Kg1 Bb7 25. Qg2 Qd7 26. Nde2 Qe6 27. g4 Rxd6 28. exd6 Nf6 29. c5 bxc5 30. Qf2 Nd7 31. Ne4 Ba6 32. N2g3 Qe5 33. Rac1 c4 34. b3 cxb3 35. axb3 Bb5 36. Nc5 Rd8 37. f4 Qf6 38. Nge4 Qb2 39. Qxb2 Bxb2 40. Rc2 Ba3 41. Nxd7 f5 42. gxf5 gxf5 43. Nec5 1-0